| 000 | 00590nam a2200133Ia 4500 | ||
|---|---|---|---|
| 008 | 100328s9999 xx 000 0 und d | ||
| 082 | _b68128 | ||
| 100 | _aपठाण यू.म. | ||
| 245 | _aमध्ययुगीन मराठी संतसाहित्य : काही आयाम. | ||
| 260 | _bस्वरुप. | ||
| 630 | _aमध्ययुगीन मराठी संतसाहित्य : काही आयाम. | ||
| 730 | _aमध्ययुगीन मराठी संतसाहित्य : काही आयाम. | ||
| 942 | _cBOOK | ||
| 999 |
_c553867 _d553864 |
||